[Event "IRI-ch U16"]
[Site "Chess.com INT"]
[Date "2021.01.16"]
[Round "7"]
[White "Fathian, Mobin"]
[Black "Vesali Khah, Parsa"]
[Result "0-1"]
[WhiteElo "1567"]
[BlackElo "1305"]
[PlyCount "68"]
[EventDate "2021.01.16"]
[EventType "swiss"]
[EventRounds "11"]
[EventCountry "IRI"]
[SourceTitle "EXT 2022"]
[Source "ChessBase"]
[SourceDate "2021.10.06"]
[SourceVersion "1"]
[SourceVersionDate "2021.10.06"]
[SourceQuality "1"]

1. e4 e6 2. d4 d5 3. exd5 exd5 4. Nf3 Nf6 5. Bd3 Be6 6. 0-0 Be7 7. Bf4 0-0 8. Re1 c5 9. c3 Nc6 10. Nbd2 cxd4 11. Nxd4 Nxd4 12. cxd4 Bd6 13. Be5 Re8 14. Qc2 Rc8 15. Qb3 Bxe5 16. dxe5 Ne4 17. Nf3 Nc5 18. Qd1 Nxd3 19. Qxd3 Qb6 20. b3 g6 21. Nd4 a6 22. f4 Bf5 23. Qe3 Be4 24. Rad1 Rc7 25. Rd2 Rec8 26. f5 Rc3 27. Qf4 Rc1 28. Kf1 Rxe1+ 29. Kxe1 a5 30. f6 Rc1+ 31. Kf2 Rc2 32. Qh6 Qxd4+ 33. Kf1 Bd3+ 34. Ke1 Qg1# 0-1

[Event "IRI-ch U16"]
[Site "Chess.com INT"]
[Date "2021.01.16"]
[Round "8"]
[White "Ghanbarpour, Mahan"]
[Black "Fathian, Mobin"]
[Result "0-1"]
[WhiteElo "1364"]
[BlackElo "1567"]
[PlyCount "58"]
[EventDate "2021.01.16"]
[EventType "swiss"]
[EventRounds "11"]
[EventCountry "IRI"]
[SourceTitle "EXT 2022"]
[Source "ChessBase"]
[SourceDate "2021.10.06"]
[SourceVersion "1"]
[SourceVersionDate "2021.10.06"]
[SourceQuality "1"]

1. Nf3 Nf6 2. g3 g6 3. Bg2 Bg7 4. 0-0 0-0 5. c4 c6 6. d4 d5 7. cxd5 cxd5 8. Nc3 Nc6 9. a3 a5 10. Bf4 Re8 11. Nb5 Nh5 12. Nc7 Nxf4 13. Nxe8 Nxg2 14. Nxg7 Bh3 15. Ne6 fxe6 16. Ng5 Nf4 17. Nxh3 Nxh3+ 18. Kg2 Ng5 19. e3 Qb6 20. Qg4 Ne4 21. Qxe6+ Kh8 22. Qxd5 Nd2 23. Rfd1 Nb3 24. Rab1 Rf8 25. Rd3 a4 26. Qc4 Qa5 27. Qe6 Qh5 28. g4 Qh4 29. d5 Rxf2+ 0-1